Central Library OPAC University of Rajshahi

পশ্চিম বঙ্গে ৭৫ দিন : (Record no. 39759)

MARC details
000 -LEADER
fixed length control field 00892nam a2200229 4500
001 - CONTROL NUMBER
control field 39759
003 - CONTROL NUMBER IDENTIFIER
rucl marc code BD-RjUL
005 - DATE AND TIME OF LATEST TRANSACTION
control field 20211209053043.0
008 - FIXED-LENGTH DATA ELEMENTS--GENERAL INFORMATION
fixed length control field 160417b xxu||||| |||| 00| 0 eng d
020 ## - INTERNATIONAL STANDARD BOOK NUMBER
International Standard Book Number 9789843332332
Terms of availability : Tk. 200.00
035 ## - SYSTEM CONTROL NUMBER
System control number (BD-RjUL)
040 ## - CATALOGING SOURCE
Original cataloging agency BD-RjUL
Language of cataloging ben
Transcribing agency BD-RjUL
041 ## - LANGUAGE CODE
Language code of text/sound track or separate title ben
082 ## - DEWEY DECIMAL CLASSIFICATION NUMBER
Edition number 23
Classification number 915.043
Author mark and year ALS 2012
100 ## - MAIN ENTRY--PERSONAL NAME
Personal name আলী, মোঃ নওসাদ
9 (RLIN) 120166
245 ## - TITLE STATEMENT
Title পশ্চিম বঙ্গে ৭৫ দিন :
Remainder of title (ভিনদেশে ভ্রমন গ্রন্থ) /
Statement of responsibility, etc. মোঃ নওসাদ আলী
260 ## - PUBLICATION, DISTRIBUTION, ETC. (IMPRINT)
Place of publication, distribution, etc. ঢাকা :
Name of publisher, distributor, etc. মুক্তদেশ প্রকাশন,
Date of publication, distribution, etc. ২০১২
300 ## - PHYSICAL DESCRIPTION
Pagination [৮], ১৮৪ পৃ. ;
Size ১৯ সেমি.
650 ## - SUBJECT ADDED ENTRY--TOPICAL TERM
Topical term or geographic name as entry element India
Form subdivision Description and travel.
9 (RLIN) 122474
Topical term or geographic name as entry element ভারত
Form subdivision বর্ণনা এবং ভ্রমণ
9 (RLIN) 122475
942 ## - ADDED ENTRY ELEMENTS (KOHA)
Source of classification or shelving scheme Dewey Decimal Classification
Koha item type Books
Holdings
Lost status Source of classification or shelving scheme Damaged status Not for loan Collection code Permanent Location Current Location Shelving location Date acquired Source of acquisition Cost, normal purchase price Total Checkouts Full call number Date last seen Copy number Koha item type
  Dewey Decimal Classification   Not For Loan Non-fiction Central Library, University of Rajshahi Central Library, University of Rajshahi Reading Room 11/11/2014 RUCL 200.00   B 915.043 ALS 2012 17/04/2016 C-1 Books
  Dewey Decimal Classification     Non-fiction Central Library, University of Rajshahi Central Library, University of Rajshahi   16/09/2012 Writer 200.00   B 915.043 ALS 2012 21/08/2016 C-2 Books
  Dewey Decimal Classification   Not For Loan Non-fiction Central Library, University of Rajshahi Central Library, University of Rajshahi   16/09/2012 Rajshahi, Author 200.00   B 915.043 ALS 2012 14/02/2017 C-3 Books